[Event "T0263"]
[Site "www.desc-online.de"]
[Date "2014.02.21"]
[Round "?"]
[White "TAVENRATH, Rainer"]
[Black "JUNG, Gerald"]
[Result "0-1"]
[WhiteElo "1600"]
[BlackElo "2069"]
[Annotator "Gerald Jung"]
[PlyCount "60"]
[EventDate "2014.02.21"]
[EventType "corr"]

1. e4 e5 2. Nf3 Nc6 3. Nc3 Nf6 4. Nxe5 Nxe5 5. d4 Nc6 6. d5 Ne5 7. f4 Ng6 8. e5
Bb4 $1 {KEISER S.16} 9. exf6 Qxf6 $15 10. Qe2+ Kd8 11. Qc4 {Komodo32 Version
4-c2:1) Komodo32 Version 4-c2:2)} (11. Kd1 $5 Bxc3 $5 12. bxc3 Qxc3 13. Rb1 $13
) (11. Qf3 $5 Re8+ 12. Kd1) 11... Re8+ $5 (11... a5 $5 12. Bd2 (12. Be2 $5 b5
$5 {Critter 1.6a 32-bit: 1)} 13. Qd3 ({Critter 1.6a 32-bit: 2)} 13. Qb3 Re8 14.
a3 Bc5 15. Kd1 Nxf4 16. Bxf4 Qxf4 17. Bxb5 Qg5 18. Qc4 Qxg2 19. Qf1 Qxf1+ 20.
Rxf1 f6 21. Bd3 Rb8 22. b3 Bd4 23. Kd2 Be3+ 24. Kd1 d6 25. Rb1 Re5 26. Re1 Bg4+
27. Be2 Bf2 {[%eval -147,20]}) ({Critter 1.6a 32-bit: 3)} 13. Qe4 Bxc3+ 14.
bxc3 Qxc3+ 15. Kf2 Re8 16. Bd2 Qxd2 17. Rhd1 Rxe4 18. Rxd2 Rxf4+ 19. Kg1 b4 20.
d6 Bb7 21. dxc7+ Kxc7 22. Rc1 Ne5 23. c3 Bc6 24. Rd4 Ng6 25. Rd2 Re8 26. cxb4
axb4 27. Rb1 Ne5 28. Rdb2 Ra8 29. Rc1 g6 {[%eval -505,20]}) 13... Nxf4 (13...
Re8 $5 14. O-O $5 $13) 14. Bxf4 Qxf4 15. Rf1 Qh6 16. Rxf7 Re8 17. a3 Bd6 (17...
Bxc3+ 18. Qxc3 b4 19. Qf3 (19. Qxg7 $2 Qxg7 20. Rxg7 Ba6 $17) 19... Ra6 $5 $11)
18. Nxb5 Bxh2 19. Qh3 Ra6 20. Qxh6 Rxh6 21. Kf2 Be5 22. c3 Bb7 23. Bf3 Rb6 24.
Bg4 Rf6+ 25. Rxf6 Bxf6 26. Rh1 Bxd5 27. Rxh7 a4 {[%eval -40,20]}) 12... Re8+
13. Be2 b6 14. O-O-O Ba6 15. Nb5 Bxd2+ 16. Rxd2 Qxf4 (16... Bxb5 17. Qxb5 Nxf4
18. d6 Nxe2+ 19. Rxe2 Rxe2 20. dxc7+ Kxc7 21. Qxe2 Qe6 $15) 17. d6 c6 18. Qxf4
Nxf4 19. Nc7 Nxe2+ 20. Kd1 Ra7 21. Nxe8 Kxe8 22. Re1 f5 23. Rdxe2+ Bxe2+ 24.
Kxe2 Kf7 {Komodo32 Version 4-c2:} 25. Kd3 g5 26. Re7+ Kg6 27. g3 a4 28. a3 Rb7
29. Kd4 Ra7 30. Kd3 h5 {(=)} (30... Kf6 $5 31. Rxh7 Ke6 32. Rh5 g4 33. Kd4 Ra5
34. Rh6+ Kf7 35. c4 Ra8 36. Rh7+ (36. Ke5 $6 Kg7 37. Rh5 Kg6 38. Rh4 Re8+ 39.
Kd4 Re6 40. Rh8 (40. c5 $2 Re4+ $19) 40... Rxd6+ 41. Kc3 Rd1 $17) 36... Ke6 37.
Rh6+ Kf7 38. Rh7+ $11)) ({Komodo32 Version 4-c2:3)} 11... Qd6 12. Bd2 Re8+ 13.
Kd1 Bxc3 14. Qxc3 f6 15. Qd3 Nxf4 16. Qxh7 Qe5 17. Kc1 Qg5 18. Kb1 Qg4 19. a3
Nxd5 20. Qd3 Qh5 21. g4 Qe5 22. Ka2 Nf4 23. Qc4 Ne2 24. Re1 Qd4 25. Qxd4 Nxd4
26. Rxe8+ Kxe8 27. Bd3 d6 28. Bg6+ Ke7 {[%eval -7,23]}) 12. Be2 (12. Kd1 {
Critter 1.6a 32-bit: 1)} a5 ({Critter 1.6a 32-bit: 2)} 12... c5 13. dxc6 Qd6+
14. Bd2 dxc6 15. Kc1 Be6 16. Qd3 Qxd3 17. Bxd3 Nh4 18. a3 Ba5 19. g3 Nf3 20. f5
Bd7 21. Rf1 Nxd2 22. Kxd2 f6 23. Rae1 Kc7 24. b4 Bb6 25. Na4 Bd4 26. Nc5 Bxc5
27. bxc5 b6 28. Rxe8 Rxe8 29. cxb6+ axb6 30. Rf4 c5 31. Rh4 h6 32. Re4 Kd6 33.
g4 b5 34. Rxe8 Bxe8 {[%eval -28,27]}) ({Critter 1.6a 32-bit: 3)} 12... Bxc3 13.
Qxc3 Qxc3 14. bxc3 d6 15. h3 Bf5 16. Rg1 Be4 17. c4 Kd7 18. g3 Ne7 19. Kd2 c6
20. Bb2 f6 21. dxc6+ Kxc6 22. Re1 d5 23. a4 a6 24. cxd5+ Nxd5 25. Bd3 Bxd3 26.
cxd3 b6 27. f5 Kd7 28. Re4 Rac8 29. Rd1 Re7 {[%eval -28,27]}) 13. Bd2 b6 14. g3
Ba6 15. Qb3 Qd4 (15... Bxf1 $5 16. Rxf1 Ne7 $5) 16. Bxa6 Rxa6 17. a4 Kc8 18.
Kc1 Re2 19. Rd1 Rxh2 20. d6 Qxd6 21. Qxf7 Ne7 22. Qxg7 Nf5 23. Qg8+ Kb7 24.
Qd5+ Qxd5 25. Nxd5 Nxg3 26. Bxb4 (26. Nxb4 axb4 {Critter 1.6a 32-bit:} 27. Bxb4
d6 28. b3 h5 29. Be1 Nf5 30. Rd5 Ne3 31. Rd2 Rh1 32. Kb2 Ra8 33. Re2 Rh3 34.
Rd2 Rf8 35. Rd3 Rxf4 36. Bd2 Rff3 37. Bxe3 Rxe3 38. Rxe3 Rxe3 39. Rh1 Re5 $15)
26... axb4 27. Nxb4 Ne2+ 28. Kb1 Ra5 {Critter 1.6a 32-bit:} 29. Ra3 h5 30. Re3
Nxf4 31. Rxd7 Rxa4 32. c3 Re2 33. Rxe2 Nxe2 34. Re7 Ng3 35. Rg7 Ne4 36. Nd5 Rc4
37. Kc2 Rc5 38. Nf4 Re5 39. Rh7 Nf6 40. Rf7 Nd5 41. Nxd5 Rxd5 $15) 12... Bxc3+
(12... a5 $5 13. O-O b6 $5 14. Ne4 Qe7 15. d6 $5) 13. bxc3 {Komodo32 Version
4-c2:1)} (13. Qxc3 Qe7 (13... Qxc3+ 14. bxc3 {Komodo32 Version 4-c2:} d6 15.
Kf2 Bf5 16. Bd3 Bxd3 17. cxd3 Kd7 18. Bd2 c6 19. dxc6+ Kxc6 20. Rhe1 f5 21. Be3
b6 22. h3 Nf8 23. Re2 Re7 24. Rae1 Rae8 25. c4 g6 26. Bd4 Rxe2+ 27. Rxe2 Rxe2+
28. Kxe2 Ne6 29. Ke3 d5 30. cxd5+ Kxd5 31. Bc3 Nc5 32. Bf6 h5 $15) 14. Qf3 d6
15. Kf2 Bf5 16. Re1 Qh4+ 17. Qg3 Bxc2 18. Qxh4+ Nxh4 19. b3 Be4 20. g3 Nf5 21.
Bb2 Bxd5 22. Rad1 c6 (22... Bc6 $5) 23. Bd3 g6 24. g4 Ne7 25. Bf6 Kd7 $19 {
Critter 1.6a 32-bit:} 26. f5 a5 27. Bc3 a4 28. Rd2 axb3 29. axb3 Ng8 30. Red1
Ra3 31. Bc2 Ra2 32. Re1 Rxe1 33. Kxe1 Kc7 34. g5 Ne7 35. Bf6 Nc8 36. fxg6 hxg6
37. Bd1 {Critter 1.6a 32-bit:} Ra8 38. h4 Nb6 39. Bb2 Nd7 40. Re2 Ne5 41. Rd2
Rh8 42. Rd4 Rf8 43. Ke2 Ra8 44. Ke3 Re8 45. Kf4 Nd7 46. b4 Re1 47. Bc3 Rh1 48.
Kg3 Be6 49. Kg2 Rh3 {Critter 1.6a 32-bit:} 50. Bd2 Ne5 51. Bf4 Ra3 52. h5 gxh5
53. Bxh5 Rb3 54. Bd1 Rb1 55. Be2 b5 56. Kg3 Rb3+ 57. Kf2 {Critter 1.6a 32-bit:}
Rb2 58. Re4 Nd3+ 59. Kf3 Nxf4 60. Rxf4 d5 61. Bd3 Rb3 62. Ke2 Kd6 63. Rh4 Ke5
64. Kd2 Rb2+ 65. Ke3 Rg2 66. Rh5 d4+ 67. Kf3 Bd5+ 68. Be4 Bxe4#) 13... b5 $1 ({
Komodo32 Version 4-c2:2)} 13... Ne7 14. Bd2 Qd6 15. O-O-O Qxd5 16. Qb3 Qxg2 17.
Bd3 Qd5 18. Bc4 Qf5 19. Rhg1 g6 20. Bxf7 Rf8 21. Bc4 d6 22. Rge1 b6 23. Bd3 Qh5
24. Be4 Rb8 25. Qa4 a5 {[%eval 1,20]}) 14. Qd4 (14. Qd3 Nxf4 15. Bxf4 Qxf4 16.
g3 (16. Rf1 Qh4+ $17) 16... Qe3 $5 17. Rb1 Qxd3 18. cxd3 Bb7 19. c4 bxc4 20.
dxc4 Ba6 21. Rb4 c5 22. dxc6 dxc6 $15) 14... Qe7 (14... Qxd4 15. cxd4 Re4 $5
16. g3 Rxd4 $6 17. Bb2 Rxd5 18. Bf3 Bb7 19. Bxg7 Rd1+ 20. Bxd1 Bxh1 21. Kf2 Be4
22. Bf6+ Kc8 23. Bg4 $14) 15. Qf2 Bb7 16. f5 Nh4 17. O-O Qxe2 18. Bg5+ (18.
Qxh4+ f6 19. Bf4 (19. Bh6 Bxd5 20. Rf2 Qe7 $17) 19... Bxd5 20. Rf2 Qc4 21. Rd1
Re7 22. Qxh7 d6 {Komodo32 Version 4-c2:} 23. Bg3 Kc8 24. Rfd2 Bc6 25. Bf2 Kb7
26. Qh3 Rae8 27. Qd3 Qg4 28. Qf1 Qxf5 $19) 18... f6 {Critter 1.6a 32-bit: 1)}
19. Bxh4 ({Critter 1.6a 32-bit: 2)} 19. Qxe2 Rxe2 20. Bxh4 Bxd5 21. Rf2 Re4 22.
Rd2 Bxa2 23. Rxa2 Rxh4 24. Ra6 Re4 25. Rd5 Re1+ 26. Kf2 Rc1 27. Rd2 d6 28. Re2
Kd7 29. Kf3 Rf1+ 30. Kg4 g6 31. fxg6 hxg6 32. h4 Rh1 33. g3 Rf1 34. Kh3 Rf3 {
[%eval -181,22]}) 19... Bxd5 20. Rfe1 Qxf2+ 21. Kxf2 Be4 22. g4 Bxc2 23. Rxe8+
Kxe8 24. Re1+ (24. Rc1 Ba4 25. Ke3 Rb8 $5 $19) 24... Kf7 $19 25. Re2 Ba4 {
Komodo32 Version 4-c2:} (25... Bd1 26. Rd2 Bxg4 27. Rxd7+ Kg8 28. Rxc7 Bxf5 $19
{Komodo32 Version 4-c2:} 29. Kf3 a6 30. Bf2 Rd8 31. Bd4 b4 32. Be3 bxc3 33.
Rxc3 Be6 34. a3 Bd5+ 35. Kg4 Kf7 36. h4 Rd7 37. Rc5 Bb7 38. a4 Bd5 39. Kf4 Kg6
40. Ra5 Rd6 41. Rc5 h5 $19) 26. Ke3 (26. Bg3 d6 27. Re1 a5 (27... Re8 $6 28.
Rxe8 Kxe8 {Komodo32 Version 4-c2:} 29. Kf3 Kd7 30. a3 a5 31. Ke2 Bc2 32. Bf2 c5
33. Kd2 Bb1 34. Ke3 Kc6 35. h4 Bc2 36. h5 h6 37. Kd2 Be4 38. Ke3 Kd5 39. Be1
Bb1 40. Kd2 Kc4 41. Bg3 d5 42. Bd6 b4 43. axb4 axb4 44. cxb4 cxb4 45. Bf8 Be4
46. Bxg7 b3 47. Bxf6 d4 48. Kc1 Kc3 49. Bxd4+ Kxd4 50. Kb2 Ke5 51. Kxb3 Kf6 (
51... Bxf5 $2 52. gxf5 Kxf5 53. Kc4 Kg4 54. Kd4 Kxh5 55. Kd3 $1 $11 Kg4 56. Ke2
Kg3 57. Kf1 Kh2 58. Kf2 $11) 52. Kc4 Bf3 $19) 28. Rc1 Ke7 29. c4 b4 30. c5 Kd7
31. cxd6 cxd6 $19 {Komodo32 Version 4-c2:} 32. Bf4 Re8 33. Re1 Rc8 34. Rc1 Bc2
35. Bd2 Rc5 36. Ke3 Re5+ 37. Kf2 Bd3 38. Be3 Bb5 39. Rc2 Bc6 40. Rd2 Rb5 41.
Bf4 Bd5 42. Ke3 a4 43. Kd4 b3 44. axb3 Bxb3 45. Kc3 Bd5 46. Rd4 a3 47. Ra4 a2 {
Komodo32 Version 4-c2:} 48. Bc1 Rb3+ 49. Kc2 Rh3 50. Ra7+ Kc6 51. Bb2 Rxh2+ 52.
Kc3 h5 53. gxh5 Rxh5 54. Rxg7 Rxf5 55. Ra7 Rf1 56. Kd4 Rd1+ 57. Ke3 f5 58. Ra3
Rb1 59. Bd4 $13 Kb5 60. Bf6 Kb4 61. Ra6 Rf1 62. Rxd6 f4+ 63. Kd2 Kc4 64. Rd7 f3
65. Rc7+ Kb3 66. Rd7 Rb1 $1 67. Rxd5 f2 68. Rf5 f1=Q 69. Rxf1 Rxf1 $19) 26...
a5 {Hier am 1.4.14 von Rainer aufgegeben: "Hallo Gerald, ich will Dir mal
nicht weiter die Zeit stehlen. Ich gebe auf. Gratulation. Dank für Partien
und Fairness."} 27. Kd4 $5 Bd1 28. Rb2 $5 b4 $5 29. g5 $5 c5+ 30. Kc4 Re8 $19
0-1

[Event "OBEM_Lesum"]
[Site "?"]
[Date "2014.04.19"]
[Round "9"]
[White "JUNG, Gerald"]
[Black "HELDT, Nils-Lennart"]
[Result "0-1"]
[WhiteElo "1904"]
[BlackElo "1520"]
[Annotator "Gerald Jung"]
[PlyCount "50"]
[EventDate "2014.01.02"]

{C47: Schottisches Vierspringerspiel} 1. Nc3 e5 2. Nf3 Nc6 3. e4 Nf6 4. Nxe5
Nxe5 5. d4 Ng6 6. e5 Ng8 7. Bc4 c6 (7... d5 8. Bxd5 N8e7 9. Bg5 Qd7 10. Bb3 Nf5
11. O-O Bb4 12. Be3 O-O 13. Ne4 Rb8 14. Nc3 Ra8 15. Ne4 Be7 16. c3 c5 17. Ng3
cxd4 18. cxd4 Ngh4 19. Qd3 Nxg3 20. fxg3 Ng6 21. Rad1 Bd8 22. h4 {Polok,K 
(2170)-Malaniuk,V (2519)/Szklarska Poreba 2012/CBM 148 Extra/1-0 (42)}) (7...
Bb4 8. O-O Bxc3 9. Qf3 Qe7 10. Qxc3 d6 11. f4 Bf5 12. Qb3 O-O-O 13. Be3 Nh6 14.
d5 dxe5 15. Bxa7 Nxf4 16. Ba6 bxa6 17. Qb8+ Kd7 18. Qb7 Ke8 19. Rae1 Ng6 20. c4
Bd3 21. Rf3 Bf5 22. c5 {Echaniz de Fays,C (1853)-Munoz Pelaez,M (1784)/Malaga
2013/CBM 152 Extra/0-1 (39)}) 8. Qf3 d5 (8... Qe7 9. O-O Nh4 10. Qf4 Ng6 11.
Qf3 Nh4 12. Qf4 Ng6 13. Qg3 Qh4 14. Qf3 Qe7 15. Ne4 {1-0 Czerwinski,M (2015)
-Szymala,A/Gdansk 2006/EXT 2008}) 9. exd6 Be6 (9... Nf6 10. Qe2+ Kd7 11. Be3
Bxd6 12. O-O-O $17) 10. d5 $6 ({BRAUSE (Steffen Jakob) hatte Erfolge mit :} 10.
Bxe6 fxe6 11. Ne4 $13 Nf6 (11... Bxd6 12. Qb3 Nf6 13. Qxb7 O-O 14. Qxc6 Rc8 (
14... Bf4 $5 $17) 15. Qxd6 Nxe4 16. Qxe6+ Kh8 $15 17. O-O Qxd4 18. Be3 Qa4 19.
b3 Qc6 $6 (19... Qb4 $11) 20. Qxc6 Rxc6 21. c4 $14 a5 22. Rfe1 a4 23. Bd4 Nd2
$6 24. Re2 Nxb3 25. axb3 axb3 26. Ra7 Rxc4 27. Bxg7+ (27. Bb2 $1) 27... Kg8 28.
Bb2 (28. g3 $1) 28... Rd8 $6 (28... Rfc8 $1 $132) 29. Re1 $6 (29. h3 $18) 29...
Rc2 30. Bf6 b2 31. Rg7+ Kf8 32. Bxb2 Rxb2 33. Rxh7 Rdd2 34. Rf1 Ne5 35. h4 Ng4
36. Rc7 Rxf2 37. Rxf2+ Nxf2 38. Rc4 Nd3 39. g4 Ne5 40. Rf4+ Kg7 41. h5 Nxg4 42.
Rxg4+ Kh6 43. Rh4 Rb5 44. Kf2 Rxh5 $11 45. Rg4 Rg5 46. Re4 Rf5+ 47. Ke3 Kg6 48.
Kd4 Kf6 49. Re8 Ra5 50. Re3 Ra4+ 51. Kd5 Ra5+ 52. Kd6 {1/2-1/2 Brause (2580)
-BuffaloJim (2460)/ICC 4 3 04/21/98, Internet Ch 1998})) 10... Ne5 11. Qe2 Nxc4
12. dxe6 Nxd6 13. exf7+ (13. Bf4 Qf6 14. exf7+ Kxf7 $17) 13... Kxf7 14. Be3 (
14. Bf4 Qe7 15. Be5 Re8 $17) 14... Nf6 15. O-O-O Be7 (15... Qa5 16. g4 $19) 16.
Rhe1 $2 (16. Bf4 $5 Qc7 17. g4 $5 {Critter 1.6a 32-bit: 1)} Rad8 ({Critter 1.
6a 32-bit: 2)} 17... Rhd8 18. Rhe1 Qd7 19. g5 Nfe8 20. Rd3 Bf8 21. Ne4 Kg8 22.
Red1 Qf7 23. Bxd6 Nxd6 24. Nxd6 Rxd6 25. Rxd6 Re8 26. Qg4 Bxd6 27. Rxd6 Qxa2
28. c3 a5 29. Rd2 a4 30. Re2 Rf8 31. Qb4 Rd8 32. Rd2 Rxd2 33. Kxd2 Qd5+ 34. Ke2
Qxg5 35. Qc4+ {[%eval -29,19]}) ({Critter 1.6a 32-bit: 3)} 17... h6 18. h4 Qd7
19. g5 hxg5 20. hxg5 Nd5 21. g6+ Kxg6 22. Nxd5 cxd5 23. Rhg1+ Kf7 24. Rxd5 Rad8
25. Qf3 Qh3 26. Qxh3 Rxh3 27. Rgd1 Rh6 28. Bxh6 gxh6 29. c4 a6 30. c5 Rc8 31.
Rxd6 Rxc5+ 32. Kb1 Bxd6 33. Rxd6 h5 34. Rd7+ Kf6 35. Rxb7 {[%eval -1,19]}) 18.
Qf3 (18. g5 Nd5 19. Nxd5 cxd5 20. Qf3 Ke8 21. Rhe1 Rf8 22. Rxd5 Rf7) 18... Qa5
19. g5 Nc4 $1 20. Kb1 (20. gxf6 Bxf6 $40) 20... Qb4 21. b3 Rxd1+ 22. Rxd1 Rd8
23. Rxd8 Bxd8 24. Ka1 h6 {Critter 1.6a 32-bit:} 25. gxh6 Ba5 26. Nb1 Nb6 27. h7
Qf8 28. Bd6 Qh8 29. b4 Bxb4 30. Bxb4 Qxh7 31. Qa3 $13) 16... Qd7 (16... Re8 17.
g4 Kg8 18. g5 $19) 17. Bc5 (17. Bg5 $5 Rhd8 18. Kb1 $17) 17... Rhe8 $19 18.
Rxd6 $4 (18. Qd2 $142 Rad8 19. Qf4 $19) 18... Bxd6 19. Qc4+ Kf8 (19... Nd5 $142
20. Be3 $19) 20. Rd1 Re6 21. Qf4 (21. a4 Qe7 22. Be3 Bxh2 $19) 21... Rd8 22.
Rxd6 {Wenigstens 2 mal auf d6 geopfert ...} Rxd6 23. Ne4 Kg8 24. Nxd6 b6 $19
25. Ba3 (25. Qc4+ Nd5 26. Ba3 b5 $19) 25... c5 (25... c5 26. b4 Qxd6 27. Qxd6
Rxd6 28. bxc5 Re6 $19) 0-1

[Event "T0263"]
[Site "www.desc-online.de"]
[Date "2014.02.21"]
[Round "?"]
[White "JUNG, Gerald"]
[Black "NEUMANN, Frank"]
[Result "1-0"]
[WhiteElo "2069"]
[BlackElo "1410"]
[Annotator "Gerald Jung"]
[PlyCount "55"]
[EventDate "2014.02.21"]
[EventType "corr"]

1. e4 e5 2. Nf3 Nc6 3. Nc3 Nf6 4. Nxe5 Nxe5 5. d4 Nc6 6. d5 Ne5 7. f4 Ng6 8. e5
Ng8 9. d6 cxd6 10. exd6 Qb6 11. Nb5 $1 {KEISER, S.19 Critter 1.6a 32-bit: 1)}
Rb8 $2 ({Critter 1.6a 32-bit: 2)} 11... Nh6 12. Nc7+ Kd8 13. Nxa8 Qc6 14. Nc7
Bxd6 15. Nd5 Re8+ 16. Be2 b5 17. Rf1 Bb7 18. f5 Bxh2 19. Bg5+ f6 20. Nxf6 gxf6
21. Bxh6 Ne5 22. Kd2 Nc4+ 23. Bxc4 Qxc4 24. Kc1 Be5 25. Qd3 Qxd3 26. cxd3 Bxg2
{[%eval 0,20]}) ({Critter 1.6a 32-bit: 3)} 11... Nf6 12. Qe2+ Kd8 13. Be3 Qa6
14. f5 Ne5 15. Bf4 Nc6 16. Qc4 Qa5+ 17. Bd2 Qb6 18. O-O-O Qf2 19. Qxf7 Qxf5 20.
Re1 Qg6 21. Qb3 b6 22. Kb1 Rb8 23. Qe3 Ng4 24. Qg3 Nf6 25. Qh3 Qh5 26. Qb3 {
[%eval 10,20]}) (11... Kd8 $8 $13 12. f5 Ne5 13. Bf4 Qa5+ 14. c3 f6 15. Qd4 Qb6
16. Qxb6+ axb6 17. Be3 Ra6 18. Be2 Nh6 19. O-O Nhf7 20. Rad1 g6 21. a3 Bh6 22.
Bf2 gxf5 23. Nc7 b5 24. Nxa6 bxa6 25. Bb6+ Ke8 26. Rxf5 Bg5 27. b3 Bb7 28. Bf2
Rg8 {[%eval -19,20]}) 12. Qe2+ $8 Kd8 (12... N6e7 $6 13. Be3 Qa5+ 14. b4 $5 (
14. c3 Kd8 15. dxe7+ Bxe7 16. Rd1 $18 a6 17. Nd6 Bxd6 18. Rxd6 b6 19. b4 Qf5
20. Qf2 Qb1+ 21. Rd1 Qe4 22. Bd3 Qc6 23. O-O Nf6 (23... Qxc3 $2 24. Bd4 Qxb4
25. Bxg7 $18) 24. Bd4 $18) 14... Qxb4+ 15. c3 Qa5 16. Bxa7 Ra8 17. Bd4 Nf6 18.
Nc7+ Kd8 19. dxe7+ Bxe7 20. Nxa8 Qxa8 21. g3 $18) (12... N8e7 $6 13. Be3 Qc6 (
13... Qa5+ 14. Bd2 Qb6 15. f5 $18 Nh4 16. Bf4 Nhxf5 17. dxe7 Bxe7 18. Bxb8 O-O
19. O-O-O $18) 14. O-O-O $18 b6 15. dxe7 Bxe7 (15... Nxe7 $6 16. Nd6+ Kd8 17.
Nxf7+ $18) 16. f5 $18 O-O (16... Nh4 $6 17. Bf4 $18) 17. fxg6 Qxg6 18. Bf4 Bg5
19. Bxg5 Qxg5+ 20. Qd2 $18) (12... Be7 13. Be3 Qc6 (13... Qa5+ 14. Bd2 Qb6 15.
f5 a6 16. fxg6 axb5 17. gxf7+ Kxf7 18. dxe7 Nxe7 19. Qxb5 $18 Qxb5 20. Bxb5 d5
21. O-O+ Kg6 (21... Kg8 22. Rae1 $40) 22. Rae1 Nf5 23. g4 Nh4 24. Re5 h6 (24...
Bxg4 25. Rg5+) 25. Bd3+ Nf5 26. gxf5+ $18) 14. Bxa7 $18) 13. Be3 (13. f5 $5 {
BRAUSE/Steffen Jakob} a6 $8 14. Nc3 (14. fxg6 axb5 15. gxf7 Nf6 16. Be3 $5 Qxd6
$15) 14... Bxd6 15. fxg6 hxg6 16. Ne4 Nf6 (16... Bc7 $5 $15) 17. Nxd6 Qxd6 18.
Qc4 $2 Re8+ $17 19. Be2 b5 20. Qf4 Rb6 (20... Qe6 $17 21. Qf2 Ng4 22. Qf1 Ne3
23. Bxe3 Qxe3 24. Rd1 Rb6 25. Rd2 Rbe6 (25... Rf6 $1) 26. Kd1 Qd4 $4 27. Rxd4 {
1-0 Brause-Adela/ICS rated blitz match, 164.58 1996}) 21. Kf2 $2 (21. Qf2 $5
$17) 21... Bb7 $6 (21... Qc5+ $19) 22. Re1 $2 (22. Qxd6 Ne4+ 23. Kg1 Rxd6 24.
Bd3) 22... Nd5 $2 23. Qxd6 Rxd6 24. Bd2 $11 Rde6 25. a4 Bc6 26. axb5 axb5 27.
Bd3 Rxe1 28. Rxe1 Rxe1 29. Kxe1 Ke7 $15 30. Kf2 Kf6 31. c4 bxc4 32. Bxc4 Ke5
33. b4 Kd4 34. Bxd5 Bxd5 35. Bf4 Kc4 36. Bd6 g5 37. h3 f5 38. Kg3 g6 39. Kf2
Kd3 40. Be7 g4 41. hxg4 fxg4 42. Bd6 Kc4 43. Kg3 Kd3 44. b5 Kc4 45. b6 Kb5 46.
Bc7 Kc6 47. Kh2 Kb7 48. Kg1 Kc6 49. Kf2 Kb7 50. g3 Kc6 51. Ke3 Kb7 52. Kd4 Bf3
53. Kc5 Bc6 54. Bd6 Kc8 55. Be5 Kb7 56. Bd4 Kc8 57. Kd6 Kb7 58. Ke5 Kc8 59. Kf4
Bf3 60. Kg5 Kb7 61. Kxg6 Kc6 62. Kf6 Kb7 63. Ke5 Bc6 64. Kd6 Kc8 65. Kc5 Kb7
66. Be3 Kc8 67. Bf2 Kb7 68. Kd6 Kc8 69. Bc5 Kb7 70. Be3 Kc8 71. Bf4 Kb7 72. Kc5
Kc8 73. Be5 Kb7 74. Bd4 Kc8 75. Kd6 Kb7 76. Bg1 Kc8 77. Kc5 Kb7 78. Bf2 Kc8 79.
Kb4 Kb7 80. Ka5 Kb8 81. Bc5 Kb7 82. Bd6 Kc8 83. Ka6 Bb7+ 84. Ka7 Bc6 85. Bc5
Bb7 86. Be7 Bc6 87. Bg5 Bb7 88. Bf6 Bc6 89. Bd4 Bb7 90. Be5 Bc6 91. Bc3 Bb7 92.
Bh8 Bc6 93. Bg7 Bb7 94. Bf8 Bc6 95. Bb4 Bb7 96. Bd2 Bc6 97. Bh6 Bb7 98. Bf4 Bc6
99. Bd6 Bb7 100. Ba3 Bc6 101. Bb2 Bb7 102. Bc1 Bc6 103. Be3 Bb7 104. Bf2 Bc6
105. Bg1 Bb7 106. Bd4 Bc6 107. Ka6 {Totremis seit dutzenden von Zügen; warum
dann "1-0" steht, weiß keiner...} Bb7+ 108. Ka5 {1-0 Brause-JasEarley/ICS
rated blitz match, 164.58 1996}) 13... Qa5+ (13... Qc6) 14. c3 $1 {"and Black
is in trouble" (KEISER)} (14. Bd2 $5 {Houdini 1.5a w32:2)} Qa6 (14... Qb6 $5
15. O-O-O $1 $18) ({Houdini 1.5a w32:1)} 14... Qa4 15. f5 $18 a6 (15... Nf4 16.
Qe5 $18) 16. Nc3 Qc6 17. fxg6 hxg6 18. Ne4 Rh5 19. Ng5 Nh6 20. g4 $1 Rxg5 (
20... Qxh1 21. gxh5 Bxd6 22. Nf3 b6 23. O-O-O Bb7 24. Bg2 Bxf3 25. Qxf3 Qxh2
26. hxg6 Ke8 27. gxf7+ Kf8 28. Kb1 $18) 21. Bxg5+ f6 22. Bg2 Qxd6 23. Be3 b6
24. O-O $5 Qe6 25. h3 $5 Nf7 (25... Qxe3+ $5 26. Qxe3 Bc5 27. Rae1 Bxe3+ 28.
Rxe3 Nf7 29. h4 $16) 26. Rad1 $16) 15. f5 Bxd6 16. fxg6 hxg6 17. Rd1 Bc5 18.
Bf4 $18 Qa5+ 19. c3 Nf6 20. Qc4 $32) 14... Nf6 {Komodo32 Version 4-c2:1)} (
14... a6 $4 15. Qf2 $1 $40 (15. b4 $2 Qxb5 (15... Qa4 $4 16. Bb6#) 16. Qf2 Qd5
$19) 15... b6 16. b4 Qxb5 17. Bxb5 Bxd6 18. Bc4 $18) ({Komodo32 Version 4-c2:1)
} 14... b6 15. Qc4 Rb7 16. a4 a6 17. Na7 N8e7 18. b4 Qf5 19. O-O-O Qe6 20.
dxe7+ Nxe7 21. Qxe6 fxe6 22. Nxc8 Nxc8 23. Bxa6 Ra7 24. Bb5 Rc7 25. Kb2 Be7 26.
Rd3 Rf8 27. Rhd1 d5 28. g3 g6 29. Ba6 Bf6 30. Bxc8 Kxc8 31. Bxb6 {[%eval 215,0]
}) ({Komodo32 Version 4-c2:2)} 14... Ra8 15. Qc4 Nh6 16. b4 Qa6 17. Qc7+ Ke8
18. Bc4 Nf5 19. Bc5 Nxf4 20. O-O Ne6 21. Rxf5 Qxb5 22. Bxb5 Nxc7 23. dxc7 Bxc5+
24. Rxc5 g6 25. Re5+ Kf8 26. Rae1 {Mit diesem Bild liesse sich gut Werbung
machen für das HWG !!} Kg7 27. Bc4 (27. Re8 $5) 27... d6 28. Re7 Rf8 29. Bd5
Kf6 30. b5 h5 31. Re8 $18 Bf5 32. Rxa8 Rxa8 33. Bxb7 Rf8 34. Rf1 Ke5 35. Rxf5+
$1 Kxf5 36. c8=Q+ Rxc8 37. Bxc8+ $18) ({Komodo32 Version 4-c2:3)} 14... f5 15.
Qc4 Ra8 16. b4 Qa6 17. Qc7+ Ke8 18. Bc4 Qc6 19. O-O Nf6 20. Rae1 Ne4 21. Bxa7
Rxa7 22. Nxa7 Qxc7 23. dxc7 Ne7 24. a4 d5 25. Nxc8 Nxc8 26. Bxd5 Kd7 27. Bxe4
fxe4 28. Rxe4 Kxc7 29. Rd1 Nd6 30. Re6 Rg8 31. a5 g6 32. g3 g5 33. fxg5 Rxg5
34. Rf1 {[%eval 228,20]}) (14... b6 $6 15. Qc4 $40 Rb7 16. a4 (16. b4 Qa4 17.
g3 (17. Be2 $5 $18) 17... Nf6 18. Bg2 Ne8 $1 19. Rd1 Bxd6 $1 20. Nxd6 Nxd6 21.
Rxd6 Rc7 22. Qd4 Ba6 $13) 16... Nh6 (16... a6 17. Na7 $5 Rxa7 18. b4 Ne5 19.
Qa2 Nf3+ 20. gxf3 Qf5 21. Bxb6+ Ke8 22. Qe2+ Qe6 23. Bxa7 $18 Bxd6 24. f5 Qxe2+
25. Bxe2 $18) 17. b4 Qa6 18. f5 $18 Nxf5 19. Qe4 Nxe3 20. Qxe3 (20. Nc7 $2
Qxf1+ $8 21. Rxf1 Bxd6 22. Ne6+ fxe6 23. Qxe3 Rc7 $17) 20... f6 21. Nc7 $18)
15. Qc4 ({Komodo32 Version 4-c2:2)} 15. O-O-O Ra8 16. Qc4 a6 17. Qb4 axb5 18.
Qxa5+ Rxa5 19. Bb6+ Ke8 20. Re1+ Be7 21. Bxa5 Nd5 22. Bxb5 b6 23. f5 bxa5 24.
fxg6 hxg6 25. dxe7 Nf6 26. Kc2 Bb7 27. Re2 Rh4 28. h3 Be4+ 29. Bd3 Bd5 30. Rd1
Nh5 31. Bb5 {[%eval 242,19]}) ({Komodo32 Version 4-c2:3)} 15. f5 Ne5 16. Bxa7
Nc6 17. Bxb8 Nxb8 18. Qe3 Nc6 19. O-O-O b6 20. b4 Qa6 21. Kb2 Na7 22. a4 Nxb5
23. Bxb5 Qb7 24. Rhe1 Qxg2+ 25. Rd2 Qb7 26. Qd4 Ne8 27. Qe5 Nf6 28. Bc4 Qa8 {
[%eval 165,0]}) 15... Ne8 {Komodo32 Version 4-c2:1)} (15... Ra8 16. O-O-O a6
17. Qb4 $1 (17. Nc7 b5 18. Qxf7 Bb7 19. Bd4 Bxd6 20. Nxa8 Nd5 21. Nb6 Nxb6 22.
Bxg7 Bd5 23. Rxd5 Nxd5 24. Qxd5 Bxf4+ 25. Kb1 Re8 26. Bd3 Qb6 27. g3 Be3 28.
Qa8+ Ke7 29. Qf3 Kd8 30. Re1 Qe6 31. Bf6+ Kc8 {[%eval 257,19]}) 17... axb5 (
17... Qxb4 18. Bb6+ Ke8 19. Nc7+ Kd8 20. cxb4 Bxd6 21. Rxd6 Ke7 22. Rd2 $40 Rb8
23. Ba7 d6 24. Bxb8 Bd7 25. Ba7 Rc8 26. Rc2 $18) 18. Qxa5+ Rxa5 19. Bb6+ Ke8
20. Re1+ Be7 21. Bxa5 Nd5 22. f5 Nh4 23. Bxb5 Nxg2 24. Re5 b6 25. Bxb6 Nxb6 26.
Rg1 Bb7 27. Rxe7+ Kd8 28. Rxf7 $18) 16. b4 $18 ({Komodo32 Version 4-c2:2)} 16.
O-O-O Ra8 17. Qxf7 Nxd6 18. Nxd6 Bxd6 19. Rxd6 Re8 20. Rd3 b6 21. g3 Re7 22.
Qg8+ Re8 23. Qxh7 Qf5 24. Qxg7 Re7 25. Qd4 Bb7 26. Rg1 Bc6 27. Bg2 Kc8 28. g4
Qf7 29. Kb1 Bxg2 30. Rxg2 Ne5 31. Qe4 Nc6 32. Qf5 Qxf5 33. gxf5 Rf7 34. Rg8+
Nd8 35. Rd5 $32) ({Komodo32 Version 4-c2:3)} 16. Bc5 Nh4 17. O-O-O Nf5 18. Qxf7
Nfxd6 19. Nxd6 Nxd6 20. Bxd6 Bxd6 21. Rxd6 $32 Qc5 22. Rd4 Qe7 23. Qh5 g6 24.
Qa5+ b6 25. Qxa7 Qe1+ 26. Rd1 Qe3+ 27. Kb1 Qxf4 28. Bd3 Rb7 29. Qa3 Re8 30. g3
Qe5 31. Rhf1 Kc7 32. Rf7 Kb8 33. Rxh7 d6 34. Rxb7+ $32) 16... Qa6 (16... Qxb5
17. Qxb5 b6 18. Bd3 Bb7 19. O-O Bxd6 20. Rad1 Ne7 21. Bc4 Bc6 22. Qa6 Bc7 23.
b5 Be4 24. Bxf7 Nf5 25. Bf2 Rf8 26. Bb3 Nf6 27. g3 Re8 28. Rfe1 Nd6 29. Qa3
Nxb5 30. Qb4 a6 31. a4 $32) 17. Qc7+ $1 (17. f5 $18) (17. Bxa7 $18) 17... Nxc7
18. dxc7+ Ke8 19. cxb8=Q $32 Qc6 20. Nxa7 Ne7 (20... Bd6 21. Nxc6 Bxb8 22. Nxb8
$18) (20... Qf6 21. Qxc8+ Ke7 22. Bc5+ Ke6 23. Bc4+ Kf5 24. Qxd7+ Kxf4 25. O-O+
Kg5 26. Be3+ Qf4 27. h4+ Kh6 28. Rxf4 Bc5 29. Rd4+ Nf4 30. Bxf4+ g5 31. Bxg5+
Kg6 32. Qxf7#) (20... Qxc3+ 21. Kf2 $18 Qxa1 22. Qxc8+ Ke7 23. Bc5+ Kf6 24.
Qd8+ Ne7 25. Qb6+ Nc6 26. Nxc6 Qxa2+ 27. Be2 bxc6 28. Qd8+ Ke6 29. Qe8+ Kf5 30.
Qe5+ Kg6 31. Qg5#) 21. Nxc6 Nxc6 22. Qxc8+ Ke7 23. O-O-O ({Critter 1.6a 32-bit:
2)} 23. Bc4 g6 24. O-O-O Kf6 25. Rxd7 Be7 26. Qxh8+ Kf5 27. Rxe7 Nxe7 28. Qe5+
Kg4 29. Qg5#) ({Critter 1.6a 32-bit: 1)} 23. Rd1 Kf6 24. Qxd7 g5 25. Rd5 Ne5
26. Rxe5 Rg8 27. Bd4 Kg6 28. Rxg5+ Kh6 29. Qh3#) 23... g6 24. Qxd7+ {Hier von
Frank am 22.5.14 aufgegeben !} Kf6 25. Bd4+ Nxd4 26. Qxd4+ Kf5 (26... Ke7 27.
Qe5#) 27. Qe5+ Kg4 28. Qg5# 1-0